Rekviem za živých

Bibliographic Details
Main Author: Stupáková, Ilza (Author)
Format: Article
Language:Slovak
Subjects:

MARC

LEADER 00000nab a2200000 ar4500
001 vtls010025802
003 SK-MaSNL
005 20260305015753.0
008 091127c1992 xo |r|p|||||||000 b|slo
015 |a SNBRB2009/11  |2 snkbucl 
038 |a SNKBUCL 
040 |a SNKBUCL  |b slo  |c SNKBUCL  |e AACR2 
041 0 |a slo 
044 |a xo  |c SK 
080 |a 82:929:821.162.4:06.068  |2 2001 
080 |a 82:06.068  |2 2001 
080 |a 821.162.4:929  |2 2001 
080 |a 655.413:06.068  |2 2001 
080 |a 929 Strauss, Pavol  |2 2001 
100 1 |a Stupáková, Ilza  |4 aut  |9 874862 
245 1 0 |a Rekviem za živých  |c Ilza Stupáková 
600 1 7 |a Strauss, Pavol,  |d 1912-1994  |2 snkbucl  |9 93225 
600 1 7 |a Strauss, Pavol,  |d 1912-1994  |t Rekviem za živých  |2 snkbucl  |9 126022 
610 2 7 |a Slovenský spisovateľ (vydavateľstvo)  |2 snkbucl  |9 154446 
648 7 |a za r. 1991  |2 snkbucl  |9 1594890 
650 0 7 |a literárne ceny  |y za r. 1991  |2 snkbucl  |9 1594891 
655 7 |a profily  |2 snkbucl  |9 341977 
773 0 |t Slovenka  |g Roč. XLIV, č. 25 (1992), s. 18 
852 |a SNK  |b KIS3GCP 
958 |a PSTRAUSS2009 
958 |a LX 
958 |a BX 
999 |c 3276965  |d 3278895